[Event "Vienna Millenium"]
[Site "Vienna"]
[Date "1996.08.12"]
[Round "4"]
[White "Ehlvest, Jaan"]
[Black "Topalov, Veselin"]
[Result "0-1"]
[WhiteElo "2660"]
[BlackElo "2750"]
[Annotator "Har Zvi,R"]
[PlyCount "72"]
[EventDate "1996.08.09"]
[EventType "tourn"]
[EventRounds "9"]
[EventCountry "AUT"]
[EventCategory "18"]
[SourceTitle "CBM 055"]
[Source "ChessBase"]
[SourceDate "1996.12.01"]
[SourceVersion "1"]
[SourceVersionDate "1996.12.01"]
[SourceQuality "1"]

1. d4 {Petursson Hazai} Nf6 2. Nf3 g6 3. c4 Bg7 4. Nc3 O-O 5. e4 d6 6. Be2 e5
7. Be3 c6 8. d5 (8. dxe5 dxe5 9. Nd2 (9. Qxd8 Rxd8 10. Nxe5 Re8 (10... Nxe4)
11. f4 Nbd7 $3 12. Bd4 (12. Nxd7 Nxe4 13. Ne5 Nxc3 14. bxc3 f6) 12... Nh5 $1
13. Bxh5 Nxe5 14. Be2 (14. Bxe5 Bxe5 15. fxe5 gxh5 16. O-O-O Bg4) 14... Nf3+
15. Bxf3 Bxd4 16. Rd1 (16. Kd2 Be6 17. b3 Rad8 18. Kc2 Be3 $17) 16... Bxc3+ 17.
bxc3 Bf5 $10 18. Kf2 Bxe4 19. Rd7 $10 {Stojanovic,Mi-Damljanovic,B JUG-ch
Podgorica 1996}) 9... Qe7 10. c5 Nbd7 11. Qa4 Rd8 (11... Nxc5 $2 12. Qa3 Nfd7
13. Na4 b6 14. Nb3) 12. Nb3 Nf8 13. O-O Ne6 14. Rad1 Rxd1 15. Rxd1 Nf4 16. f3
h5 $1 $40 {Portisch,L-Ivanchuk,V Reykjavik Wcup 1991}) (8. Qd2 {this move was
played 2 round later by Shirov against Topalov but it was another very
convincing Victory for Topalov with the King's Indian with black} Qe7 (8...
Nbd7 9. Rd1 Re8 10. d5 cxd5 11. cxd5 a6 12. O-O b5 $2 (12... Ng4 13. Bg5 f6 14.
Bh4 h5 15. Ne1 $13) 13. Qc2 Nb6 14. a4 $1 bxa4 15. Nxa4 Nxa4 16. Qxa4 Rb8 17.
Nd2 $1 $16 {Kasparov,G-Ivanchuk,V Reggio Emilia 1992}) 9. d5 cxd5 (9... Ng4 10.
Bg5 f6 11. Bh4 Na6 12. O-O Bh6 (12... g5 13. Bg3 h5 14. h3 Nh6 15. a3 $14) (
12... h5 13. h3 Nh6 14. a3 $14) 13. Qd1 $1 Bf4 (13... g5 14. Bg3 f5 15. exf5
Bxf5 16. h4 $1 $16) 14. a3 g5 15. Bg3 c5 16. Nxg5 $1 Nxh2 17. Bxf4 Nxf1 18. Ne6
Bxe6 19. Bh6 $1 $14 {/+/- Khalifman,A-Wahls,M Deutschland 1992 54/597 
[Khalifman,A]}) 10. cxd5 Ng4 11. Bg5 f6 12. Bh4 Na6 13. O-O Nh6 14. Ne1 Nf7 15.
Bxa6 bxa6 16. Nc2 Rb8 17. Ne3 a5 18. Rfc1 h5 19. f3 Bh6 20. Ncd1 Ng5 21. Qxa5
f5 $36 {Shirov,A-Topalov,V Vienna 1996}) 8... Na6 (8... Ng4 9. Bg5 f6 10. Bh4
Na6 11. Nd2 Nh6 (11... h5 12. h3 Nh6 13. g4 hxg4 14. hxg4 Nf7 15. Nb3 c5 16.
Nc1 $13 {Giorgadza,G-Poluljahov,A Kropotkin 1995}) 12. a3 (12. O-O Nf7 13. Bd3
$1 c5 14. a3 Bh6 15. Qe2 Bg5 16. Bxg5 fxg5 (16... Nxg5 17. g3 {with f4}) 17. f3
Bd7 18. Rab1 h5 19. Qe3 $1 $14 {Ehlvest,J-Novik,M Sankt_Peterburg 1994 60/561 
[Nesis,G; Novik,M]}) 12... Nf7 13. f3 Bh6 14. Bf2 f5 15. Qc2 Bd7 16. b4 c5 $1
17. Rb1 b6 $13 {Karpov,An-Kasparov,G Lyon Wch (19) 1990}) 9. a3 {White is
playing against Na6 planning b2-b4. This, however looks a bit slow.} (9. Nd2 {
(Hazai: is the typical common sense move here.)} Ne8 10. O-O f5 11. f3 f4 12.
Bf2 c5 13. a3 b6 14. b4 h5 15. bxc5 Nxc5 16. a4 $6 a5 $1 {San Segundo,
P-Topalov,V Madrid 1996}) 9... Nh5 (9... Nc5 $6 {Hazai} 10. Nd2 a5 11. b4 $16)
(9... Ne8 10. dxc6 bxc6 11. c5 $1 $14) 10. g3 (10. b4 {Hazai} Nf4 11. Bf1 c5)
10... cxd5 11. Nxd5 (11. cxd5 {Hazai} f5) 11... Nf6 12. Nxf6+ (12. Nc3) (12.
Nd2 {Hazai} Nxd5 13. cxd5 f5) 12... Qxf6 13. b4 Qe7 14. O-O b6 $1 {a very
strong move the bishop will be best placed on the a8-h1 while white does not
have a c5 break} 15. Qa4 $6 {wasting too much time with useless queen moves}
Nc7 (15... Bb7 $2 16. c5 $1) 16. Qc6 Ba6 $1 {a good move playing against a c5
break} (16... Rb8 17. c5) 17. Rfd1 (17. b5 $2 Bc8 18. Rfd1 Rd8 {and white's
queen is in great danger}) 17... Rfd8 {The weakness on d6 does not play an
important role here.} 18. Rac1 Ne6 19. Qa4 Bb7 20. Qc2 {The attack against d6
is repelled, Black has a comfortable game.} Rf8 $1 {prepering the f5 break,it
is already clear black has the initiative  Now f7-f5 is threatening, after
which the weakened diagonal may cause some headache for White.} 21. Nh4 (21. c5
dxc5 $1 22. bxc5 Rac8 {winning the c5 pawn}) 21... Nd4 22. Bxd4 exd4 23. Bd3
Rae8 24. Kf1 (24. f3 {Hazai} Bh6 $17) (24. Re1 {Hazai} f5 $17) 24... Qd7 $1 {
much better than 24...Bxe4} (24... Bxe4 25. Bxe4 Qxe4 26. Qxe4 Rxe4 27. Nf3 {
gives some chances to save the game in the ending.}) 25. Re1 {[#]} f5 $1 {
Black opens up the long diagonal with a great effect. Now White is going to
have great problems on the white squares} 26. exf5 g5 $1 {this is topalov's
idea the knight must go to g2} 27. Ng2 Qc6 28. f3 (28. f4 gxf4 29. gxf4) 28...
Qxf3+ 29. Kg1 Re3 $1 30. Rxe3 (30. Nxe3 dxe3 {and there is nothing to do
against Qh1}) (30. Rcd1 $5 {defending the bishop on d3 and threating Rf1 was a
better defencive way}) 30... dxe3 31. Rf1 Qg4 32. f6 $2 (32. Qe2) (32. Be2) (
32. Nxe3 {Petursson} Bd4 33. Qf2 Qh5 34. Re1 Re8 35. Bf1 {had to be tried})
32... Rxf6 33. Rxf6 Bxf6 34. Bxh7+ Kh8 35. Bd3 Bd4 36. Qe2 $4 {a terrible
blunder losing immediately white must have played 36.Be2} (36. Be2 Qe6 37. Qd1
{black was threatening Qf6} Qe4 38. Qf1 Kg7 {and white's position is hopeless})
36... Bf3 0-1

[Event "Vienna Millenium"]
[Site "Vienna"]
[Date "1996.08.14"]
[Round "6"]
[White "Shirov, Alexei"]
[Black "Topalov, Veselin"]
[Result "0-1"]
[WhiteElo "2685"]
[BlackElo "2750"]
[Annotator "Shirov,A"]
[PlyCount "80"]
[EventDate "1996.08.09"]
[EventType "tourn"]
[EventRounds "9"]
[EventCountry "AUT"]
[EventCategory "18"]
[SourceTitle "CBM 055"]
[Source "ChessBase"]
[SourceDate "1996.12.01"]
[SourceVersion "1"]
[SourceVersionDate "1996.12.01"]
[SourceQuality "1"]

1. d4 {Hazai} Nf6 2. c4 g6 3. Nc3 Bg7 4. e4 d6 5. Be2 O-O 6. Nf3 e5 7. Be3 c6
8. Qd2 {This move is a bit sophisticated, after d4-d5 the natural place of the
N is d2.} (8. d5 {Hazai}) (8. O-O {Hazai}) 8... Qe7 9. d5 cxd5 {Hazai: If
immediately 9...Ng4, than later taking on d5 can strongly met by Nd5.} 10. cxd5
Ng4 11. Bg5 f6 12. Bh4 Na6 $5 $146 13. O-O Nh6 (13... h5 $5) 14. Ne1 Nf7 15.
Bxa6 $5 {Hazai: From strategical point of view these sort of exchanges are not
to be recommended.} (15. Nc2 Bh6 $1 16. Ne3 Nc7 $13) (15. Nd3 {Hazai} Bd7)
15... bxa6 16. Nc2 (16. Nd3 {Hazai} Rb8) 16... Rb8 17. Ne3 a5 (17... Bh6 $142
$13) 18. Rfc1 $1 (18. Nc4 {Hazai} Qc7 (18... Ba6 $2 19. Nxa5 $1 Bxf1 20. Rxf1)
19. b3 Ba6) 18... h5 $5 19. f3 Bh6 20. Ncd1 {[#]} (20. Bf2 {Hazai} f5) 20...
Ng5 $5 {Hazai: The a5 pawn is not important, Black prepares f6-f5.} (20... g5
$6 21. Bf2 g4 22. Qe2 $1 $16) 21. Qxa5 (21. Bxg5 $6 fxg5 $1 22. Qxa5 g4 $40)
21... f5 22. Qe1 $4 (22. Bxg5 Qxg5 $1 (22... Bxg5 $2 23. Rc7 $16) 23. Qxa7 Rxb2
$1 (23... Rb7 $2 24. Qa6) (23... Rb4 $2 24. Qa3 $1 Rd4 25. Qxd6) (23... fxe4
24. Qxb8 Bh3 25. Qxd6 exf3 26. Rc6 $1 fxg2 27. Qxg6+ Bg7 28. Nxg2 Qd2 29. Nde3
Bxg2 30. Nf5 $18) 24. Nxb2 Qxe3+ 25. Qxe3 Bxe3+ 26. Kh1 Bxc1 27. Rxc1 fxe4 28.
fxe4 Ba6 29. Kg1 $1 (29. h3 Rf2 30. Nc4 Bxc4 31. Rxc4 Rxa2 32. Rc6 Re2 33. Rxd6
Kf7 $10) 29... Rf4 $1 (29... Rb8 30. Rc6 $16) 30. Re1 Rf8 $3 31. Rc1 (31. h3
Rc8 $44) 31... Rf4 32. Re1 Rf8 $10) (22. Qc7 {Hazai} Bd7 23. Bxg5 Bxg5) 22...
fxe4 23. fxe4 Rf4 $19 24. Bxg5 Qxg5 25. Rc4 (25. Nc4 Bg4 26. Nxd6 Rbf8 27. Ne3
Rf2) 25... Ba6 $6 {Hazai: The pair of bishops in the open position kill White.}
(25... Bd7 $1 $19 {/\ Rbf8, Bb5->}) 26. Rc6 $1 Bd3 27. Rac1 Rbf8 28. Rc8 $1
Bxe4 29. Nf2 R4f7 $2 (29... Bxg2 $1 30. Nxg2 Rxf2 31. Qxf2 Qxc1+ 32. Rxc1 Rxf2
33. Rc8+ Rf8 $17) 30. Rxf8+ Rxf8 31. Rc3 $15 Qf4 32. Qe2 $4 (32. Neg4 $1 Bxd5 (
32... hxg4 33. Nxe4 Qf7 $13) 33. Nxh6+ Qxh6 34. Qd1 $1 (34. Rd3 $2 Ba8 35. Rxd6
Rxf2 $1 $19) 34... Ba8 (34... Bxa2 35. Qxd6 (35. b3 $2 Qf4 36. Rf3 Qd4 37. Qc2
e4 38. Rxf8+ Kxf8 39. Qxa2 e3 $19) 35... Qg7 36. Ne4 $44) 35. Qxd6 Qg5 36. Rg3
Qc1+ 37. Nd1 Be4 38. Qe6+ Kh7 39. Qe7+ $10) 32... Bb1 $19 33. a3 Qd4 34. g3 a5
35. Qe1 e4 36. Kg2 Bd3 37. Nfd1 Qf6 38. h4 g5 39. Nf2 Qf3+ 40. Kg1 gxh4 {
Hazai: This is a nice illustative game for the Kings Indian.} 0-1

[Event "Las Palmas"]
[Site "Las Palmas"]
[Date "1996.12.17"]
[Round "7"]
[White "Topalov, Veselin"]
[Black "Kramnik, Vladimir"]
[Result "1-0"]
[WhiteElo "2750"]
[BlackElo "2765"]
[Annotator "Kramnik,V"]
[PlyCount "77"]
[EventDate "1996.12.08"]
[EventType "tourn"]
[EventRounds "10"]
[EventCountry "ESP"]
[EventCategory "21"]
[SourceTitle "CBM 057"]
[Source "ChessBase"]
[SourceDate "1997.04.01"]
[SourceVersion "1"]
[SourceVersionDate "1997.04.01"]
[SourceQuality "1"]

1. d4 {Dolmatov} Nf6 2. c4 g6 3. Nc3 Bg7 4. e4 d6 5. Nf3 O-O 6. Be2 e5 7. Be3
c6 8. d5 Ng4 9. Bg5 f6 ({Black should not grab the b-pawn at cost of
development:} 9... Qb6 $6 10. O-O Qxb2 11. Bd2 {with the following 12.Rb1}) 10.
Bh4 c5 11. O-O Nh6 12. Ne1 Nd7 13. Rb1 (13. Nd3 {Dolmatov} g5 14. Bg3 f5 15.
exf5 Nf6 16. Qd2 g4 17. Bh4 Bxf5 $132 {Ioseliani,N-Dolmatov,S/Moscow/1993/})
13... b6 14. a3 g5 (14... Nf7 {Dolmatov} 15. Bg4 h5 16. Be6 g5 17. Qxh5 gxh4
18. f4 $40) (14... Qe7 $5 {Dolmatov} 15. Nb5 Nb8 16. b4 a6 17. Nc3 Nd7 18. bxc5
bxc5 19. Qa4 g5 20. Bg3 f5 21. exf5 Nf6 $132) 15. Bg3 f5 $6 {Black has no
choice but to push the f-pawn, otherwise he has no counterplay. The
disadvantage of this continuation is that the white squares are becoming weak}
16. exf5 Nxf5 (16... Nf6 $142 {Dolmatov} 17. Nf3 Nh5 18. Ne4 Rxf5 19. Nxe5 (19.
Nfd2 Nf4) 19... Nxg3 20. Nc6 Nxe2+) 17. Ne4 h6 18. Nc2 Nf6 19. Bd3 Qe8 (19...
Nxe4 {Dolmatov} 20. Bxe4 g4 21. Qxg4 Ne3 22. Qg6 Nxf1 23. Qh7+ Kf7 24. Rxf1 Rh8
25. Qg6+ Kg8 26. Ne3 $40) (19... Bd7 {Dolmatov} 20. Ne3 Nxe4 21. Bxe4 Nxg3 22.
fxg3 $16) 20. Ne3 Nxe4 21. Bxe4 h5 (21... Nxg3 22. hxg3 a6 23. b4 cxb4 24. axb4
{White is definitely better}) (21... Nxe3 22. fxe3 Rxf1+ 23. Qxf1 {is in
White's favor}) 22. Qd3 (22. Nxf5 {Dolmatov} Bxf5 23. Bxf5 Rxf5 24. f3 Qg6 $10)
22... Qf7 23. f3 (23. h3 {Dolmatov} Nxe3 24. fxe3 $18) 23... Nxe3 24. Qxe3 Bh6
25. Be1 Qg7 26. Bd2 $1 Rf6 27. Qd3 g4 (27... Bd7 $2 {Dolmatov} 28. b4 $16) (
27... a5 {Dolmatov} 28. h3 Ra7 29. g4 $16) 28. Bxh6 Qxh6 29. fxg4 Bxg4 30. Rxf6
Qxf6 31. Rf1 Qg7 32. h3 Bd7 33. Qf3 $1 {The King side is a White's possession}
Be8 (33... h4 {Dolmatov} 34. Qf6 $18) 34. Qf5 Qf7 35. Qg5+ Qg7 36. Qh4 Qh6 $2 (
36... b5 {allowed Black to stay in the game just a little bit longer, for
example:} 37. Rf6 (37. cxb5 Rb8 38. a4 a6 39. bxa6 Rxb2 {with some counterplay}
) 37... Rb8 38. Rxd6 bxc4 39. Rd8 Rxd8 40. Qxd8 Qd7 41. Qb8 {and White is
winning}) 37. Rf6 (37. Qe7 $18 {Dolmatov} Qg7 38. Rf8+ Qxf8 39. Qh7#) 37...
Qe3+ 38. Kh2 Kg7 39. Rf3 1-0

[Event "Linares 14th"]
[Site "Linares"]
[Date "1997.02.11"]
[Round "7"]
[White "Gelfand, Boris"]
[Black "Topalov, Veselin"]
[Result "0-1"]
[WhiteElo "2700"]
[BlackElo "2725"]
[Annotator "Psakhis,L"]
[PlyCount "64"]
[EventDate "1997.02.04"]
[EventType "tourn"]
[EventRounds "11"]
[EventCountry "ESP"]
[EventCategory "18"]
[SourceTitle "CBM 057"]
[Source "ChessBase"]
[SourceDate "1997.04.01"]
[SourceVersion "1"]
[SourceVersionDate "1997.04.01"]
[SourceQuality "1"]

1. d4 Nf6 2. Nf3 g6 3. c4 Bg7 4. Nc3 O-O 5. e4 d6 6. Be2 e5 7. Be3 exd4 8. Nxd4
Re8 9. f3 c6 10. Bf2 d5 11. exd5 cxd5 12. O-O Nc6 13. c5 Nh5 14. g3 {[%csl Rh3]
N/ New move, but I am not sure, that it will get popularity in future. Black
has nothing to worry and after} (14. Qd2 Be5 15. g3 Ng7 (15... Bh3 16. Rfe1 Qd7
17. f4 Bxd4 18. Bxd4 Bg4 19. Bf1 Bh3 20. Be2 Bg4 21. Bb5 Qf5 22. Rxe8+ Rxe8 23.
Bxc6 bxc6 24. Re1 Re6 25. Re5 {1/2-1/2 Nikolaidis,I-Kotronias,V/Ankara zt 1995}
) 16. Rfd1 (16. Rfe1 Nf5 $1 17. Nxf5 Bxf5 18. Nxd5 Nd4 $1 19. Bxd4 Qxd5 20.
Rad1 Rad8 21. Be3 Qxd2 22. Rxd2 Rxd2 23. Bxd2 Bxb2 $15) 16... Be6 $5 (16... Nf5
17. Nxf5 Bxf5 18. Nxd5 Nd4 19. Bxd4 Qxd5 20. Bf2 Qc6 $14 {1/2-1/2 Giorgadze,
G-Nalbandian,T/Erevan op 1996 (47)}) 17. f4 Bxd4 $1 18. Bxd4 Nf5 19. Bf2 d4 20.
Nb5 Qe7 $13 {1/2-1/2 Gelfand,B-Van Wely,L/Wijk aan Zee 1996 (42)}) 14... Bh3
15. Re1 Qg5 ({Deserves attention also} 15... Bxd4 $5 16. Bxd4 Qg5 17. Bf2 Nf4
$13) 16. Ndb5 {[%cal Rb5d6]} (16. Nxc6 $5 bxc6 17. Qa4) 16... Rad8 (16... Nf4
17. Nd6 (17. Nc7 Bxc3 18. bxc3 Nxe2+ 19. Rxe2 Rxe2 20. Qxe2 Rc8 $15) 17... Re7
$11) 17. Nd6 Bd4 $1 18. Qc1 $5 ({Dangerous for white} 18. f4 $6 Bxf2+ 19. Kxf2
Nxf4 {for example} 20. Qd2 (20. Nxe8 Ng2 (20... Qf5 21. gxf4 Qxf4+ 22. Kg1 Qg5+
23. Bg4 $1 Bxg4 24. Qc1 $1 Qh4 25. Qf4 $18) 21. Bf1 (21. Bb5 Nxe1 22. Qxe1 (22.
Nd6 d4 23. Qxe1 dxc3 24. Qxc3 Rxd6 25. cxd6 Qxb5 $19) 22... Nd4 (22... Qf5+ 23.
Kg1 Qf3 24. Qf2) 23. Bd3 Ne6 24. Bb5 a6 $1 25. Ba4 Nxc5 $17) (21. Bd3 Nxe1 22.
Qxe1 Ne5 $19) 21... Nxe1 22. Qxe1 (22. Bxh3 Rxe8) 22... Ne5 $1 23. Qc1 (23.
Bxh3 Nd3+ 24. Kg1 Nxe1 25. Rxe1 Qd2 $19) 23... Qf5+ 24. Qf4 Qc2+ 25. Kg1 Rxe8
26. Bxh3 Qxb2 $17) 20... Re6 $1 $40 {[%cal Re6f6]}) (18. Nxe8 Nxg3 19. Nf6+
Qxf6 (19... Kh8 20. Ng4 $1) 20. Bxd4 (20. hxg3 Qg5 21. g4 Bxf2+ 22. Kxf2 Qh4+
23. Ke3 d4+ $19) 20... Qg5 21. Kf2 Nf5 22. Bf1 Qh4+ 23. Kg1 Ncxd4 $17) 18...
Be3 $1 (18... Qe5 19. Nxe8 Rxe8 (19... Bxf2+ 20. Kxf2 Qd4+ 21. Qe3 Qxe3+ 22.
Kxe3 d4+ 23. Kf2 dxc3 24. Nd6 $16) 20. Qd2 $16) 19. Bxe3 Rxe3 20. Kf2 d4 21.
Nd1 $6 (21. Nce4 Qe7 22. Nc4 Rxe4 23. fxe4 d3 24. Bxh5 Qxc5+ $36 {Black has
great compensation for exchange, but nevertheless it was stronger than move in
the game.}) 21... Rxe2+ $1 22. Rxe2 (22. Kxe2 d3+ (22... Qd5 $5 23. Nf2 Ne5 24.
Nfe4 f5) 23. Kxd3 Qd5+ 24. Ke3 Ne5 {is too dangerous for White.}) 22... Qd5 {
[%csl Rf2][%cal Rc6b4,Rc6e5]} 23. Ne4 Ne5 24. Qg5 (24. Qh6 Bf5 $40 (24... Re8
25. g4 Bxg4 $140 26. Qxh5 $1)) 24... Re8 25. Rd2 $2 (25. Qh4 $5 Bf5) 25... Qc4
$6 {[%cal Rc4f1] It is very strange, that Topalov didn't found simple} (25...
Ng4+ $1 26. fxg4 (26. Kg1 Qxg5) (26. Qxg4 Bxg4 27. h3 Bxf3) 26... Qxe4 $19) 26.
Ndc3 (26. Re2 Qd3 $19) 26... h6 27. Qh4 dxc3 28. Rd8 $6 (28. bxc3 $5 {was the
best chance in bad position.}) 28... cxb2 $1 29. Rxe8+ Kg7 30. Rd1 Qc2+ 31. Rd2
b1=Q 32. Qxh3 Qcc1 0-1

[Event "Dos Hermanas"]
[Site "Dos Hermanas"]
[Date "1997.04.08"]
[Round "6"]
[White "Gelfand, Boris"]
[Black "Topalov, Veselin"]
[Result "1/2-1/2"]
[WhiteElo "2700"]
[BlackElo "2725"]
[Annotator "Gelfand,B"]
[PlyCount "75"]
[EventDate "1997.04.01"]
[EventType "tourn"]
[EventRounds "9"]
[EventCountry "ESP"]
[EventCategory "19"]
[SourceTitle "CBM 059"]
[Source "ChessBase"]
[SourceDate "1997.08.01"]
[SourceVersion "1"]
[SourceVersionDate "1997.08.01"]
[SourceQuality "1"]

1. d4 {Huzman Belov VanWely,L} Nf6 2. Nf3 g6 3. c4 Bg7 4. Nc3 O-O 5. e4 d6 6.
Be2 e5 7. Be3 exd4 8. Nxd4 Re8 9. f3 c6 10. Bf2 d5 11. exd5 cxd5 12. O-O Nc6
13. c5 Nh5 14. Qd2 Be5 15. g3 Ng7 16. Rfd1 a6 $146 (16... Be6 $5 $146 17. f4 (
17. Nxe6 {van Wely,L} fxe6 {/\ Nf5}) 17... Bxd4 $1 18. Bxd4 Nf5 (18... Nxd4 {
van Wely,L} 19. Qxd4 Nf5 20. Qf2 d4 21. Nb5 {/\ Nd4-e6+/=}) 19. Bf2 d4 20. Nb5
Qe7 $132 {1/2-1/2 Gelfand,B-van Wely,L/Wijk aan Zee 65/561 1996 (43)}) (16...
Nf5 {N} 17. Nxf5 Bxf5 18. Nxd5 (18. Qxd5 $4 {Belov} Bxc3 19. bxc3 Rxe2 $19)
18... Nd4 19. Bxd4 (19. Nc3 {Belov}) 19... Qxd5 20. Bf2 (20. Bxe5 {Belov} Qxe5
21. Bf1 Qxc5+ $11) 20... Qc6 21. Bf1 (21. f4 Bh3 22. Bf1 Bxf1 23. Rxf1 Rad8 24.
Qc2 Bd4 25. Rad1 $14) 21... Rad8 22. Qb4 Qxf3 23. Rxd8 Rxd8 $14 {1/2-1/2
Giorgadze,G-Nalbandian,T/Erevan op (06) ;EXP 52 1996 (47)}) 17. Bf1 (17. Nb3
Be6 18. Bf1 (18. f4 $14 {[%cal Ye2f3] Huzman}) 18... Nf5 $132) (17. Nc2 Be6 (
17... Bf5 18. Nxd5) 18. f4 Bxc3 19. Qxc3 Bf5 20. Bf3 Be4 $132) 17... Be6 18.
Nxe6 (18. Nc2 $5 {Huzman} Nf5 (18... Qf6 19. f4 Bxc3 20. bxc3 $14 {[%csl Rb7]})
19. Nxd5 Bxd5 20. Qxd5 Qf6 $132) (18. f4 {Huzman} Bxd4 19. Bxd4 Nxd4 20. Qxd4
Nf5 21. Qf2 d4) (18. Nb3 {Huzman} Nf5 (18... Qf6 19. f4 Bxc3 20. bxc3 $132) 19.
Nxd5 Bxd5 20. Qxd5 Qf6 $5) 18... fxe6 $14 19. f4 (19. Ne2 Nf5 20. Rac1 a5 21.
Bh3 $14) (19. Rab1 $5 $14 {Huzman} g5 (19... Nf5 20. b4 $36) 20. Ne2 Rf8 21.
Bg2 a5 $5 $132) 19... Bf6 20. Rab1 (20. Rac1 $5) (20. Ne2 g5 21. Bh3 $14) 20...
g5 (20... Rf8 $5) 21. Ne2 (21. fxg5 Bxg5 22. Be3 Bxe3+ (22... Ne5 23. Be2) 23.
Qxe3 $13) 21... Rf8 (21... a5 {Huzman Ochoa} 22. Bh3) 22. b4 (22. Bh3 gxf4 23.
Nxf4 Bg5 24. Qe2 (24. Be3 d4) 24... Bxf4 25. Bxe6+ (25. gxf4 Qf6) 25... Kh8 26.
gxf4 Re8 27. f5 Nxf5 $17) (22. fxg5 Bxg5 23. Be3 Ne5 $1 24. Bxg5 Nf3+ 25. Kh1
Qxg5 26. Qxg5 Nxg5 27. Nf4 $140 Ne4) (22. Be3 gxf4 (22... h6 23. Bh3) 23. Nxf4
d4 (23... Ne5 {Huzman}) 24. Bf2 Bg5 (24... e5 $140 $2 25. Bc4+ Kh8 26. Ng6+ $18
)) 22... gxf4 23. gxf4 (23. Nxf4 Bg5) 23... Bh4 (23... Nf5 {Huzman} 24. Bh3 Bh4
25. Ng3) 24. Bg3 Rc8 (24... Bxg3 $5 {Huzman} 25. hxg3 h5 26. Rb3 Qf6 27. Bh3
Rad8 $132) 25. Rb3 Rc7 26. Bh3 Nf5 (26... Kh8 $5) (26... Rcf7 27. Qe3) 27. Bxf5
(27. Kh1 Rg7 28. Rg1 Rg6 $13) (27. Qe1 $5 {Huzman} Rg7 28. Kh1 {[%cal Yh3f5]})
27... Rxf5 28. Bxh4 (28. Qe3 Kf7 {/\Bf6}) (28. Nd4 {Huzman} Nxd4 29. Qxd4 Rg7)
(28. Qe1 {Huzman} Rg7 29. Kh1 Bf6 $15) 28... Qxh4 29. Rg3+ Rg7 (29... Kh8 30.
Kh1 Rh5 31. Rg2) 30. Rxg7+ (30. Qe3 Rf6) 30... Kxg7 31. Ng3 Qg4 (31... Rf6 32.
Kh1) 32. Rf1 Rf6 (32... Ne7 33. Qg2) 33. a4 Ne7 (33... Rg6 34. b5 axb5 35. axb5
Ne7 36. Qc3+ (36. c6 bxc6 37. b6 (37. bxc6 Nxc6) 37... Nf5 38. Qc3+ d4 39. Qf3
Nxg3 40. Qxg4 Rxg4 41. b7 Nxf1+ 42. Kh1 Nd2 $19) 36... Kf7 37. c6 bxc6 38. b6
Nf5 39. Ra1 $40) 34. Qe2 (34. b5 axb5 35. axb5 Nf5 36. Qc3 (36. Qd3 Rg6 37. Rf3
{[%cal Rc5c6]} Nxg3 (37... Kh6) (37... Kh8 38. c6 bxc6 39. bxc6 Rg7) 38. Qd4+ (
38. hxg3 Rh6 $132) 38... Kf7 39. Rxg3 Qe2) 36... d4 (36... Kf7 37. c6 bxc6 38.
bxc6 Rg6 39. Rb1 Nxg3 (39... d4 40. Rb7+ Kf6 41. Qa5 Qd1+ 42. Kf2 Qc2+ 43. Ke1
(43. Ne2 Rg2+ $11) 43... Qc1+ 44. Ke2 d3+ 45. Kxd3 Qd1+ $19) 40. Rb7+ Kg8 41.
Rb8+ Kf7 42. Rb7+ $11) 37. Qf3 (37. Qd3 Ne3 38. Rf2 e5 $132) 37... Qxf3 38.
Rxf3 Nxg3 {Huzman} 39. Rxg3+ (39. hxg3 Rf5) 39... Kf8 40. c6 bxc6 41. bxc6 e5
$11) 34... Rg6 35. Qxg4 Rxg4 36. b5 axb5 37. axb5 Kf7 38. Kh1 (38. Kg2 Rg8 (
38... Ng6 39. Rb1) 39. Ra1 Rc8 $11) (38. Kh1 Rg8 $11) 1/2-1/2